000 00912nam a2200253 a 4500
001 000014892
005 20250430073846.0
008 100127s19uu dr a 001 0 spa d
040 _aDO-SdBNP
_bspa
_cBNPHU
082 _a158.1
_bM343c
100 1 _aMarizán, Jaime Antonio
_924298
245 1 0 _aConsejos del alma /
_cJaime Antonio Marizán ; prólogo Ramón Tomás Aybar.
246 1 4 _aConsejos del alma:
_ba los que buscan luz
260 _aSanto Domingo :
_bRojam,
_c[19--?].
300 _a214 p. :
_bil. ;
_c21 cm.
500 _aLa biblioteca posee un ejemplar autografíado por el autor.
504 _aBibliografía: p. 213-214.
590 _aInventariado, 2018/MFF
650 0 _aAutorrealización (Psicología)
_9211
650 4 _aConsejería
_98254
650 4 _aOrientación (psicología)
_933727
700 1 _aAybar, Ramón Tomás,
_epról.
_933728
910 _aValidado. Control de calidad MMOLINA
999 _c14472
_d14472